000 01098nam2a22002531 4500
001 RU\NLR\INFOCOMM18\1000229571
005 20250617022627.0
035 _a(NLR Aleph) 002378602
090 _a4594466
_c4594466
100 _a20041205d1885 |||y0rusy50 ca
101 0 _arus
102 _aRU
105 _ay |||||||||
200 1 _aПонижение выкупного платежа по указу 28-го декабря 1881 года
210 _d1885
_aБ. м.
461 0 _1001RU\NLR\INFOCOMM18\1000229536
_12001#$aСтатистический временник Российской империи$vСер. 3, вып. 5
_94594371
_cС.-Петербург
_d1866 - 1890
_nЦентральный статистический комитет Министерства внутренних дел
_tСтатистический временник Российской империи
_vСер. 3, вып. 5
801 1 _aRU
_bInfoComm
_c20041205
801 0 _aRU
_bNLR
_gPSBO
852 _aNLR
_j18.220.3.3
852 _aNLR
_j132/2793
942 _cISSUE
980 _aNB
980 _aRUSPER